Normal view
MARC view
- العلاقات الاجتماعية - المهارات الاجتماعية
Entry Topical Term
001 - CONTROL NUMBER
- control field: 53156
003 - CONTROL NUMBER IDENTIFIER
- control field: JO-AjAnu
005 - DATE AND TIME OF LATEST TRANSACTION
- control field: 20230606082731.0
008 - FIXED-LENGTH DATA ELEMENTS
- fixed length control field: 230606|| aca||aabn | a|a d
040 ## - CATALOGING SOURCE
- Original cataloging agency: JO-AjAnu
- Transcribing agency: JO-AjAnu
150 ## - HEADING--TOPICAL TERM
- Topical term or geographic name entry element: العلاقات الاجتماعية - المهارات الاجتماعية
670 ## - SOURCE DATA FOUND
- Source citation: Work cat.: (JO-AjAnu)27158: الزعبي، طلال عبد الله، م.مشارك موسى محمد الكردي، م.مشارك هاني حتمل عبيدات, author 53155, مهارات الحياة